• 首页
  • 本馆介绍
  • 公告通知
  • 最新文献
  • 馆藏检索
  • 电子资源
  • 读者导购
  • 参考咨询
  • 我的图书馆
  • 登录
  • 详细信息显示
  • 放入我的书架
  • 预约/预借图书
  • 作者相关作品
  • 分类相关作品
  • 丛书相关作品
  • 出版社相关作品

书目信息

  • 表格格式
  • 工作单格式
  • 卡片格式
题名:
食品安全化学
    
 
作者: 王利兵 编著
分册:  
出版信息: 北京   科学出版社  2012
页数: 12,362页
开本: 26cm
丛书名:
单 册:
中图分类: TS201.6
科图分类:
主题词: 食品污染--化学污染--污染防治 , 化学污染 , 污染防治 , 食品污染
电子资源:
ISBN: 978-7-03-035626-0
000 00992nam0 2200277 45
001 1354549639
005 20130510084853.68
010    @a978-7-03-035626-0@dCNY98.00
100    @a20130108d2012 em y0chiy50 ea
101 0  @achi
102    @aCN@b110000
105    @aa z 000yd
106    @ar
200 1  @a食品安全化学@AShi Pin An Quan Hua Xue@f王利兵等编著@FWang Li Bing Deng Bian Zhu
210    @a北京@c科学出版社@d2012
215    @a12,362页@c照片@d26cm
300    @a食品安全与检验检疫安全系列专著
330    @a本书介绍了食品中化学污染物的理化性质、来源、毒理以及控制措施,全书共分8章,分别介绍了食品安全化学污染物分类、国内外食品安全管理与控制措施现状、食品中生物毒素、加工中的化学污染物、包装化学迁移物、环境污染物等内容。
606 0  @a食品污染@x化学污染@x污染防治
606 0  @a化学污染
606 0  @a污染防治
606 0  @a食品污染
690    @aTS201.6@v5
701  0 @a王利兵@AWang Li Bing@4编著
801    @aCN@bTANGWEI@c20130109
905    @b0830818-20@dTS201.6@e142@f3
    
    食品安全化学/王利兵等编著.-北京:科学出版社,2012
    12,362页:照片;26cm
    食品安全与检验检疫安全系列专著
    
    ISBN 978-7-03-035626-0:CNY98.00
    本书介绍了食品中化学污染物的理化性质、来源、毒理以及控制措施,全书共分8章,分别介绍了食品安全化学污染物分类、国内外食品安全管理与控制措施现状、食品中生物毒素、加工中的化学污染物、包装化学迁移物、环境污染物等内容。
●
相关链接 在E读中查询图书 在五车中查询图书 在当当中查询图书 在豆瓣中查询图书


正题名:食品安全化学     索取号:TS201.6/142         预约/预借

序号 登录号 条形码 馆藏地/架位号 状态 备注
1 0830818   208308188   第二样本阅览室/ [索取号:TS201.6/142] 在馆    
2 0830819   208308197   第三借阅区/ [索取号:TS201.6/142] 在馆    
3 0830820   208308204   第三借阅区/ [索取号:TS201.6/142] 在馆    
唐山师范学院图书馆 欢迎您!
大连网信软件有限公司© 版权所有